| 000 | 00803nab a2200241 u 4500 | ||
|---|---|---|---|
| 001 | 13504 | ||
| 003 | HDC | ||
| 007 | cr bn ---aaaaa | ||
| 008 | 210213c xx dr|noo 0 a eng d | ||
| 040 | _aHDC | ||
| 245 | 0 | _aHealth Myths Easily Spread Through Social Media - Dr Hilmi | |
| 260 |
_a[No place] : _b[publisher not identified], _c[no date] |
||
| 336 |
_atext _2rdacontent |
||
| 337 |
_acomputer _2rdamedia |
||
| 338 |
_aonline resource _2rdacarrier |
||
| 650 |
_aHealthcare industry _9632 |
||
| 650 |
_aVaccination _91753 |
||
| 710 | _aMalaysian Digest | ||
| 856 | _zRequest full-text at [email protected] | ||
| 942 | _2lcc | ||
| 942 | _cNEWS | ||
| 942 | _kNWSO 001779 | ||
| 999 |
_c10820 _d10820 |
||